000 00268nam a22001097a 4500
041 _aENG
245 _aCommonwealth Universities Yerbook 1992 Vol 3
260 _aPune
_bThe Association Of Commonwealth Univesties
_c1992
300 _a2593
650 _aGAE
856 _uGAE
999 _c660
_d660